US States with the Highest Church Attendance - Statistics

General Stats
  • This quiz has been taken 20 times
  • The average score is 12 of 17
Answer Stats
Percent (%) Answer % Correct
28% Texas
100%
34% Alabama
89%
30% Arkansas
83%
48% Mississippi
83%
36% Tennessee
83%
31% Kentucky
72%
30% North Carolina
72%
35% Oklahoma
72%
29% Virginia
72%
34% Louisiana
67%
36% South Carolina
67%
34% Kansas
61%
28% Missouri
61%
41% Utah
61%
34% Idaho
56%
31% Indiana
56%
40% South Dakota
56%
No matching quizzes found
Score Distribution
Percent of People with Each Score
Percentile by Number Answered
Your Score History
You have not taken this quiz